Problematika brownfields z pohledu jejich bezpečnostních rizik pro územní rozvoj

Problematika brownfields z pohľadu ich bezpečnostných rizík pre územný rozvoj. Na základe analýzy teoretických poznatkov boli navrhnuté hrozby, ktoré môžu byť relevantné pre brownfields.

Gespeichert in:
Bibliographische Detailangaben
1. Verfasser: Vítková, Eliška
Format: Buchkapitel
Sprache:Tschechisch
Schlagworte:
Tags: Tag hinzufügen
Keine Tags, Fügen Sie das erste Tag hinzu!

MARC

LEADER 00000nla a2200000 4500
001 0211706
005 20240722104327.0
041 0 |a cze 
044 |a CZ 
245 1 0 |a Problematika brownfields z pohledu jejich bezpečnostních rizik pro územní rozvoj  |c Eliška Vítková 
520 |a Problematika brownfields z pohľadu ich bezpečnostných rizík pre územný rozvoj. Na základe analýzy teoretických poznatkov boli navrhnuté hrozby, ktoré môžu byť relevantné pre brownfields. 
610 2 0 |a riziko 
610 2 0 |a parky priemyselné 
610 2 0 |a analýza ekonomická 
610 2 0 |a rozvoj regionálny 
610 2 0 |a brownfield 
100 1 |a Vítková, Eliška